000 00531cam a2200169 4500500
005 20260329004415.0
041 _afre
042 _adc
100 1 0 _aPortevin, Catherine
_eauthor
245 0 0 _aLa Curiosité. Une raison de vivre
260 _c2019.
500 _a47
690 _aCuriosité
690 _aJean-Pierre Martin
786 0 _nPhilosophie magazine | 133 | 10 | 2019-10-01 | p. 40-41 | 1951-1787
856 4 1 _uhttps://shs.cairn.info/magazine-philosophie-magazine-2019-10-page-40?lang=fr&redirect-ssocas=7080
999 _c1833560
_d1833560